000 00308nam a22001217a 4500
003 OSt
005 20170105103446.0
008 131203t xxu||||| |||| 00| 0 eng d
020 _a0340885602
040 _cASAB
245 _aTopley & Wilson's Microbiology & Microbial Infections Cumulative Index
942 _2ddc
_cBK
999 _c16638
_d16638